[Event "Bezirksliga Oberbayern 1819"]
[Site "Bayern"]
[Date "2019.04.07"]
[Round "9.8"]
[White "Alferova, Ekaterina"]
[Black "Wohner, Johann"]
[Result "1/2-1/2"]
[WhiteElo "1716"]
[BlackElo "1546"]
[PlyCount "129"]
[EventDate "2018.10.21"]
[EventType "team-tourn"]
[EventRounds "9"]
[EventCountry "GER"]
[SourceTitle "EXT 2022"]
[Source "ChessBase"]
[SourceDate "2021.10.06"]
[SourceVersion "1"]
[SourceVersionDate "2021.10.06"]
[SourceQuality "1"]
[WhiteTeam "Fuerstenfeldbruck TuS"]
[BlackTeam "Traunstein/Traunreut"]
[WhiteTeamCountry "GER"]
[BlackTeamCountry "GER"]

1. d4 d5 2. Bf4 Bf5 3. c3 Nf6 4. e3 Nbd7 5. Bd3 Bg4 6. Be2 Bxe2 7. Qxe2 Nb6 8. Nd2 e6 9. Ngf3 a6 10. Qd3 c5 11. h3 Rc8 12. 0-0 Bd6 13. Bxd6 Qxd6 14. Rfe1 cxd4 15. exd4 Nc4 16. Nxc4 Rxc4 17. Ne5 Rc7 18. Qg3 g6 19. Qh4 Qe7 20. Re3 Nh5 21. Qg4 Ng7 22. Rae1 0-0 23. Qf4 b5 24. Rf3 Rb7 25. Ng4 f5 26. Ne5 g5 27. Qd2 f4 28. Qe2 Qd6 29. Qd3 Rf5 30. Ng4 Rf8 31. Nh6+ Kh8 32. Re5 Rf6 33. Ng4 Rf5 34. Rxf5 exf5 35. Ne5 Kg8 36. Qc2 Rc7 37. Qd2 h6 38. h4 Qf6 39. hxg5 hxg5 40. Rh3 Ne8 41. Qe2 g4 42. Rh2 Ng7 43. Qd1 Qd6 44. Qd2 Ne6 45. Rh5 Qf8 46. Rh8+ Kxh8 47. Ng6+ Kg7 48. Nxf8 Kxf8 49. Qd3 Ng7 50. g3 Re7 51. gxf4 Re4 52. Qc2 Ne6 53. Qb3 Nxf4 54. Qb4+ Kf7 55. Qd6 a5 56. Qd7+ Kg6 57. Qxb5 Kg5 58. Qxa5 Nh3+ 59. Kg2 Re2 60. Qd8+ Kf4 61. Qd6+ Kg5 62. Qd8+ Kf4 63. Qd6+ Kg5 64. Qd8+ Kf4 65. Qd6+ 1/2-1/2

[Event "Bezirksliga Oberbayern 1819"]
[Site "Bayern"]
[Date "2018.11.25"]
[Round "3.7"]
[White "Sperber, Ulrich"]
[Black "Wohner, Johann"]
[Result "1-0"]
[WhiteElo "1803"]
[BlackElo "1546"]
[PlyCount "53"]
[EventDate "2018.10.21"]
[EventType "team-tourn"]
[EventRounds "9"]
[EventCountry "GER"]
[SourceTitle "EXT 2022"]
[Source "ChessBase"]
[SourceDate "2021.10.06"]
[SourceVersion "1"]
[SourceVersionDate "2021.10.06"]
[SourceQuality "1"]
[WhiteTeam "Gauting"]
[BlackTeam "Traunstein/Traunreut"]
[WhiteTeamCountry "GER"]
[BlackTeamCountry "GER"]

1. e4 c6 2. d4 d5 3. e5 Bf5 4. h4 h5 5. Ne2 e6 6. Ng3 Be7 7. Nxf5 exf5 8. g3 Nd7 9. c4 dxc4 10. Bxc4 Nb6 11. Bb3 Qd7 12. Nc3 Bb4 13. 0-0 Ne7 14. Bg5 Ned5 15. Rc1 Be7 16. Bxe7 Nxe7 17. Re1 Qc7 18. a4 a5 19. Qd2 0-0 20. Rcd1 Nbd5 21. Qg5 g6 22. e6 fxe6 23. Rxe6 Kg7 24. Nxd5 cxd5 25. Rde1 Rf7 26. Rxe7 Qd6 27. R7e6 1-0